000 00569nam a2200193Ia 4500
005 20260120131531.0
008 008 260114s9999 xx 000 0 eng d
020 _a9780197563069
037 _aEBOOK
040 _aCRL
_beng
_cCRL
041 _aeng
_2eng
084 _qCRL
100 _aKovac, Weisberg
_9928132
245 0 _aRoald Hoffmann on the Philosophy, Art, and Science of Chemistry
260 _bOxford University PressOxford University Press
_c2020
856 _uhttps://academic.oup.com/book/40689
942 _cEBOOK
999 _c1520051
_d1520051